Análisis y diseño de un modelo para la desconcentración de la gestión de suministros en el Hospital México
Gorde:
| Egile nagusia: | |
|---|---|
| Beste egile batzuk: | |
| Formatua: | Liburua |
| Argitaratua: |
San José, Costa Rica
1998
|
| Gaiak: | |
| Etiketak: |
Etiketa erantsi
Etiketarik gabe, Izan zaitez lehena erregistro honi etiketa jartzen!
|
MARC
| LEADER | 00000nam a2200000Ia 4500 | ||
|---|---|---|---|
| 003 | 008612 | ||
| 005 | 20240109103752.0 | ||
| 008 | 140114s1998 cr a m 000 ||s d | ||
| 040 | |c cru CEDI | ||
| 090 | |a TFG 3933 | ||
| 100 | |a Murillo Munguía, Jorge Arturo, 1972- |9 2112 | ||
| 245 | |a Análisis y diseño de un modelo para la desconcentración de la gestión de suministros en el Hospital México | ||
| 260 | |a San José, Costa Rica |c 1998 | ||
| 300 | |a iii, 189 hojas : ilustraciones | ||
| 500 | |a Proyecto de graduación (licenciatura en ingeniería industrial)--Universidad de Costa Rica. Facultad de Ingeniería. Escuela de Ingeniería Industrial | ||
| 501 | |a Director de Proyecto de Graduación: Ing. Carlos Quesada | ||
| 650 | |x HOSPITALES - ADMINISTRACION |x HOSPITALES - EQUIPO Y ACCESORIOS |x GESTION DE COMPRAS |x SISTEMAS DE INFORMACION EN HOSPITALES |9 8859 | ||
| 700 | |a Ortiz Valverde, Marco Vinicio, 1974- |9 2113 | ||
| 942 | |c TFG |h TFG 3933 |i 008612 |6 TFG_3933_008612000000000 | ||
| 999 | |c 18561 |d 18561 | ||
